00642nam a2200169Ia 4500008004100000020001800041041000800059082001300067100002300080245010700103250000600210260006500216300001200281650003100293999001900324952012900343210716s2018 xx 000 0 und d a9789352138029 aeng a729 PAVP aPavliscak, Pamela. aEmotionally intelligent design: rethinking how we create products.bRethinking how we create products. a1 aNew DelhibShroff Publishers and Distributors Pvt Ltdc2018 axii,269 aDesign and decoration(729) c196926d196926 001040708MCAaAIMITbAIMITeShroff Publishersg700.00l0o729 PAVPpMCA16441r2025-07-21 00:00:00v525.00w2021-07-16yBK